[Event "SVK-chT1E 0708"]
[Site "Slovakia"]
[Date "2008.02.10"]
[Round "9.3"]
[White "Pekar, Karol"]
[Black "Viszlai, Alexander"]
[Result "1-0"]
[WhiteElo "2166"]
[BlackElo "1989"]
[PlyCount "85"]
[EventDate "2007.10.13"]
[EventType "team-swiss"]
[EventRounds "11"]
[EventCountry "SVK"]
[SourceTitle "EXT 2009"]
[Source "ChessBase"]
[SourceDate "2008.11.26"]
[SourceVersion "1"]
[SourceVersionDate "2008.11.26"]
[SourceQuality "1"]
[WhiteTeam "Liptov SK II"]
[BlackTeam "Kosice Slavia UPJS III"]
[WhiteTeamCountry "SVK"]
[BlackTeamCountry "SVK"]

1. e4 e5 2. d4 exd4 3. c3 dxc3 4. Bc4 Nf6 5. e5 d5 6. exf6 dxc4 7. Qe2+ Be6 8. Nxc3 gxf6 9. Nf3 Nc6 10. Bf4 Nb4 11. 0-0 Nd3 12. Bg3 Bd6 13. Bh4 Nf4 14. Qe4 c6 15. Rfe1 Qc7 16. Qxc4 0-0-0 17. Qa4 Rhg8 18. Bg3 Kb8 19. Ne4 Be5 20. Nxf6 Nd3 21. Nxe5 Rxg3 22. hxg3 Nxe5 23. Qf4 Nd3 24. Qxc7+ Kxc7 25. Re2 h6 26. b3 a5 27. Rd1 Nf4 28. Red2 Ne2+ 29. Kf1 Rxd2 30. Rxd2 Nc3 31. g4 b5 32. f4 a4 33. f5 Bc8 34. Ne8+ Kb6 35. Nd6 Ba6 36. Nxf7 b4+ 37. Ke1 Ne4 38. Rd4 Nc5 39. Rxb4+ Ka5 40. Rxa4+ Nxa4 41. bxa4 Bc4 42. Nxh6 Bxa2 43. f6 1-0

[Event "SVK-chT1E 0708"]
[Site "Slovakia"]
[Date "2008.02.09"]
[Round "8.4"]
[White "Viszlai, Alexander"]
[Black "Ilkovic, Frantisek"]
[Result "1/2-1/2"]
[WhiteElo "1989"]
[BlackElo "1971"]
[PlyCount "93"]
[EventDate "2007.10.13"]
[EventType "team-swiss"]
[EventRounds "11"]
[EventCountry "SVK"]
[SourceTitle "EXT 2009"]
[Source "ChessBase"]
[SourceDate "2008.11.26"]
[SourceVersion "1"]
[SourceVersionDate "2008.11.26"]
[SourceQuality "1"]
[WhiteTeam "Kosice Slavia UPJS III"]
[BlackTeam "Filakovo"]
[WhiteTeamCountry "SVK"]
[BlackTeamCountry "SVK"]

1. e4 e5 2. Nf3 Nc6 3. d4 exd4 4. c3 dxc3 5. Bc4 d6 6. 0-0 Qd7 7. Nxc3 Be7 8. Bf4 Nf6 9. Qb3 0-0 10. e5 Ne8 11. Rfe1 Qf5 12. Nd5 Bd8 13. exd6 Nxd6 14. Rad1 Na5 15. Bd3 Nxb3 16. Bxf5 Bxf5 17. axb3 Nb5 18. Rc1 c6 19. Ne7+ Bxe7 20. Rxe7 Bc8 21. h3 a5 22. Be3 a4 23. Ra1 a3 24. bxa3 Rxa3 25. Rxa3 Nxa3 26. Bc5 Nb5 27. Ne5 f6 28. Nc4 Nc3 29. Nd6 Nd5 30. Nxc8 Rxc8 31. Rxb7 Rc7 32. Rxc7 Nxc7 33. Kf1 Kf7 34. Ke2 Ke6 35. Kd3 Kd5 36. Be3 c5 37. g4 g6 38. h4 f5 39. f3 Ne6 40. Kc3 Nc7 41. h5 Ne6 42. hxg6 hxg6 43. gxf5 gxf5 44. f4 Ke4 45. Bd2 Nxf4 46. Kc4 Nd3 47. Bg5 1/2-1/2

[Event "SVK-chT1E 0708"]
[Site "Slovakia"]
[Date "2007.12.08"]
[Round "5.2"]
[White "Milder, Ladislav"]
[Black "Viszlai, Alexander"]
[Result "0-1"]
[WhiteElo "2084"]
[BlackElo "1989"]
[PlyCount "120"]
[EventDate "2007.10.13"]
[EventType "team-swiss"]
[EventRounds "11"]
[EventCountry "SVK"]
[SourceTitle "EXT 2009"]
[Source "ChessBase"]
[SourceDate "2008.11.26"]
[SourceVersion "1"]
[SourceVersionDate "2008.11.26"]
[SourceQuality "1"]
[WhiteTeam "Kosice Slavia UPJS II"]
[BlackTeam "Kosice Slavia UPJS III"]
[WhiteTeamCountry "SVK"]
[BlackTeamCountry "SVK"]

1. e4 e5 2. Nf3 Nc6 3. Bc4 Nf6 4. Ng5 d5 5. exd5 Na5 6. Bb5+ c6 7. dxc6 bxc6 8. Be2 h6 9. Nh3 Bd6 10. d3 Qc7 11. Nc3 Bf5 12. Bf3 0-0 13. g4 Be6 14. g5 Nd5 15. Bg2 Qd7 16. Qh5 Bg4 17. Qh4 Be7 18. Rg1 Nb4 19. f3 Nxc2+ 20. Kd2 Rfd8 21. Bf1 Bf5 22. Nf2 Nb4 23. Nce4 Nc4+ 24. Kd1 Qd4 25. Nf6+ Kh8 26. gxh6 gxf6 27. Qxd4 Rxd4 28. b3 Nb6 29. Ba3 N6d5 30. Rc1 Bf8 31. Rc4 Bxh6 32. Bb2 Rf4 33. Rxf4 Bxf4 34. a3 Ne3+ 35. Ke2 Nxf1 36. Rxf1 Nd5 37. d4 Rb8 38. b4 a5 39. Nd3 Bxd3+ 40. Kxd3 axb4 41. a4 Ra8 42. Ra1 Kg7 43. h3 Kf8 44. Kc4 Ra5 45. h4 Ke7 46. Kb3 Ke6 47. Re1 Ra8 48. h5 Nc3 49. dxe5 fxe5 50. Kxb4 Nxa4 51. Ra1 Rb8+ 52. Kxa4 Rxb2 53. Rc1 Kd5 54. Rh1 Kc4 55. Ka5 Bh6 56. Rh4+ Kd5 57. Rh1 c5 58. Rd1+ Rd2 59. Rb1 Rh2 60. Rb7 Ra2+ 0-1

[Event "SVK-chT2D 0708"]
[Site "Slovakia"]
[Date "2007.11.04"]
[Round "4.36"]
[White "Paulina, Pavol"]
[Black "Viszlai, Alexander"]
[Result "1-0"]
[WhiteElo "1934"]
[BlackElo "1989"]
[PlyCount "75"]
[EventDate "2007.10.06"]
[EventType "team-tourn"]
[EventRounds "11"]
[EventCountry "SVK"]
[SourceTitle "EXT 2010"]
[Source "ChessBase"]
[SourceDate "2010.11.25"]
[SourceVersion "1"]
[SourceVersionDate "2010.11.25"]
[SourceQuality "1"]
[WhiteTeam "Michalovce Zemplin II"]
[BlackTeam "Kosice Slavia UPJS IV"]
[WhiteTeamCountry "SVK"]
[BlackTeamCountry "SVK"]

1. d4 Nf6 2. c4 g6 3. Nc3 Bg7 4. e4 d6 5. Be3 Ng4 6. Bg5 h6 7. Bh4 c5 8. dxc5 Qa5 9. Qb3 Qxc5 10. Nf3 Nc6 11. Be2 0-0 12. Rc1 Be6 13. 0-0 f6 14. Nd5 g5 15. Bg3 h5 16. h3 Nh6 17. Qxb7 Rab8 18. Nxe7+ Nxe7 19. Qxe7 Rfe8 20. Qxd6 Qxd6 21. Bxd6 Rxb2 22. Nd4 Bf7 23. Bd3 Rxa2 24. Rfe1 Rd2 25. Red1 Rxd1+ 26. Rxd1 Bg6 27. f3 Nf7 28. c5 Nxd6 29. cxd6 Rd8 30. Nc6 Rd7 31. Ne7+ Kh7 32. Nxg6 Kxg6 33. e5+ f5 34. Bb5 Rd8 35. e6 Bf8 36. e7 Bxe7 37. dxe7 Rxd1+ 38. Kf2 1-0

[Event "SVK-chT2D 0708"]
[Site "Slovakia"]
[Date "2007.10.07"]
[Round "2.5"]
[White "Viszlai, Alexander"]
[Black "Rogos, Jan Jr"]
[Result "0-1"]
[WhiteElo "1989"]
[BlackElo "2103"]
[PlyCount "78"]
[EventDate "2007.10.06"]
[EventType "team-tourn"]
[EventRounds "11"]
[EventCountry "SVK"]
[SourceTitle "EXT 2010"]
[Source "ChessBase"]
[SourceDate "2010.11.25"]
[SourceVersion "1"]
[SourceVersionDate "2010.11.25"]
[SourceQuality "1"]
[WhiteTeam "Kosice Slavia UPJS IV"]
[BlackTeam "Svit SO"]
[WhiteTeamCountry "SVK"]
[BlackTeamCountry "SVK"]

1. e4 c5 2. c3 d5 3. exd5 Qxd5 4. d4 e6 5. Nf3 Nf6 6. Be2 cxd4 7. cxd4 Bb4+ 8. Bd2 Bxd2+ 9. Qxd2 0-0 10. Nc3 Qd6 11. 0-0 Nc6 12. Rac1 a6 13. Rfd1 Rd8 14. Bd3 Ne7 15. Bb1 Bd7 16. Ne5 Ng6 17. Qg5 Bc6 18. h4 Nd7 19. Nxc6 bxc6 20. Ne4 Qd5 21. h5 Qxg5 22. Nxg5 Nf4 23. Bxh7+ Kf8 24. Rxc6 Nxh5 25. Be4 Ra7 26. d5 Ne5 27. Rcc1 Rad7 28. Nf3 Ng4 29. Nd4 Nf4 30. Rc6 Nxd5 31. Rc2 Ndf6 32. Rcd2 Ne5 33. Bf3 Nc4 34. Nc6 Nxd2 35. Rxd2 Rxd2 36. Nxd8 Rxd8 37. Bb7 a5 38. b3 Ng4 39. f3 Rd1# 0-1

[Event "Tatry op"]
[Site "Tatranske Zruby"]
[Date "2007.09.22"]
[Round "1"]
[White "Grandelius, Nils"]
[Black "Viszlai, Alexander"]
[Result "1-0"]
[WhiteElo "2271"]
[BlackElo "1987"]
[PlyCount "89"]
[EventDate "2007.09.22"]
[EventType "swiss"]
[EventRounds "9"]
[EventCountry "SVK"]
[SourceTitle "CBM 120 Extra"]
[Source "ChessBase"]
[SourceDate "2007.11.01"]
[SourceVersion "1"]
[SourceVersionDate "2007.11.01"]
[SourceQuality "1"]

1. e4 e5 2. Nf3 Nc6 3. Bb5 a6 4. Ba4 Nf6 5. 0-0 Nxe4 6. d4 b5 7. Bb3 d5 8. dxe5 Be6 9. c3 Bc5 10. Qe2 0-0 11. Bc2 Bf5 12. Be3 Bxe3 13. Qxe3 Ng3 14. hxg3 Bxc2 15. Nd4 Bxb1 16. Raxb1 Ne7 17. Rbe1 c5 18. Nb3 d4 19. cxd4 c4 20. Nc1 Qd5 21. Ne2 Rad8 22. Rd1 b4 23. Nf4 Qa5 24. Nh5 Qb6 25. Qg5 Ng6 26. d5 Kh8 27. Rfe1 c3 28. bxc3 bxc3 29. d6 f6 30. exf6 gxf6 31. Qh6 Rf7 32. Qe3 Qxe3 33. Rxe3 c2 34. Rc1 Rxd6 35. Rxc2 h6 36. Ra3 Kh7 37. Rc5 Rb7 38. f3 Kg8 39. Rc8+ Kf7 40. Ra8 Rbb6 41. Ra7+ Ne7 42. Nf4 Ke8 43. Re3 Rd7 44. Rxd7 Kxd7 45. Rxe7+ 1-0

[Event "SVK-ch Seniors op"]
[Site "Tatranske Matliare"]
[Date "2007.06.12"]
[Round "4"]
[White "Viszlai, Alexander"]
[Black "Hebelka, Milos"]
[Result "0-1"]
[WhiteElo "1988"]
[BlackElo "2093"]
[PlyCount "112"]
[EventDate "2007.06.10"]
[EventType "swiss"]
[EventRounds "9"]
[EventCountry "SVK"]
[SourceTitle "EXT 2008"]
[Source "ChessBase"]
[SourceDate "2007.11.25"]
[SourceVersion "1"]
[SourceVersionDate "2007.11.25"]
[SourceQuality "1"]

1. e4 c6 2. d4 d5 3. Nc3 dxe4 4. Nxe4 Nf6 5. Nxf6+ gxf6 6. Be3 h5 7. Be2 h4 8. Bf3 Be6 9. Ne2 h3 10. g3 Bd5 11. Nc3 Bxf3 12. Qxf3 e6 13. 0-0-0 Nd7 14. Rhe1 Be7 15. Qg4 f5 16. Qf3 Nb6 17. g4 fxg4 18. Qxg4 Nd5 19. Ne4 Nxe3 20. Rxe3 Qd5 21. Qg7 Rf8 22. Kb1 0-0-0 23. Nc3 Qf5 24. Qg3 Bd6 25. Qxh3 Qxf2 26. Re2 Qf4 27. Ne4 Rh8 28. Nxd6+ Qxd6 29. Qg3 Qxg3 30. hxg3 Rxd4 31. Rf1 Rg4 32. Kc1 Rh7 33. Re3 Rhg7 34. Kd2 Kd7 35. Rff3 Ke7 36. Ke2 R4g5 37. Ra3 a5 38. Kf2 Rc5 39. c3 f5 40. b4 axb4 41. cxb4 Rc2+ 42. Kf1 Rg4 43. Ra4 c5 44. a3 cxb4 45. axb4 Rb2 46. Rc3 Rgxb4 47. Rc7+ Kd6 48. Rxb4 Rxb4 49. Rc8 Rb2 50. Rb8 Kd5 51. Re8 e5 52. Rf8 Ke4 53. Rf7 b5 54. Rf8 b4 55. Rf7 b3 56. Rf8 Rc2 0-1

[Event "SVK-chT1E 0607"]
[Site "Slovakia"]
[Date "2006.12.03"]
[Round "6.2"]
[White "Viszlai, Alexander"]
[Black "Zavacky, Peter"]
[Result "1-0"]
[WhiteElo "2017"]
[BlackElo "2081"]
[PlyCount "125"]
[EventDate "2006.10.07"]
[EventType "team-tourn"]
[EventRounds "11"]
[EventCountry "SVK"]
[SourceTitle "EXT 2008"]
[Source "ChessBase"]
[SourceDate "2007.11.25"]
[SourceVersion "1"]
[SourceVersionDate "2007.11.25"]
[SourceQuality "1"]
[WhiteTeam "Kosice Slavia UPJS II"]
[BlackTeam "Kosice sachy.sk	 II"]
[WhiteTeamCountry "SVK"]
[BlackTeamCountry "SVK"]

1. e4 c5 2. c3 d5 3. exd5 Qxd5 4. d4 cxd4 5. Nf3 Bg4 6. Qa4+ Nc6 7. Nxd4 Bd7 8. Qb5 Qe4+ 9. Qe2 Qxe2+ 10. Nxe2 Nf6 11. Ng3 e6 12. Be2 Bc5 13. Nd2 Nd5 14. Nf3 0-0 15. 0-0 Rad8 16. a3 Bd6 17. Ne4 Bc7 18. Rd1 Bc8 19. g3 f5 20. Nc5 Bd6 21. Nb3 Nf6 22. Be3 Ng4 23. Bg5 Nf6 24. Nbd4 h6 25. Nxc6 bxc6 26. Be3 Rf7 27. Ne5 Rc7 28. Bc5 Ne4 29. Bb4 Rb7 30. Nxc6 Rdd7 31. Ba6 Rbc7 32. Bxc8 Rxc8 33. Ne5 Rdd8 34. Bxd6 Rxd6 35. Rxd6 Nxd6 36. Rd1 Nc4 37. Nxc4 Rxc4 38. Rd7 a5 39. Ra7 Rc5 40. Kf1 Kh7 41. Ke2 Kg6 42. Kd3 Rd5+ 43. Kc2 e5 44. c4 Rc5 45. Kc3 Kf6 46. b4 axb4+ 47. axb4 Rc8 48. b5 g5 49. Kb4 f4 50. Ra6+ Kf5 51. b6 e4 52. c5 e3 53. fxe3 fxe3 54. Ra2 Ke4 55. b7 Rd8 56. c6 Rd2 57. Ra8 e2 58. Re8+ Kf5 59. c7 Rd4+ 60. Kc3 Re4 61. Rxe4 Kxe4 62. Kd2 Kf3 63. Ke1 1-0

[Event "SVK-chT1E 0607"]
[Site "Slovakia"]
[Date "2006.11.05"]
[Round "4.3"]
[White "Kovac, Lubomir"]
[Black "Viszlai, Alexander"]
[Result "1-0"]
[WhiteElo "2131"]
[BlackElo "2017"]
[PlyCount "87"]
[EventDate "2006.10.07"]
[EventType "team-tourn"]
[EventRounds "11"]
[EventCountry "SVK"]
[SourceTitle "EXT 2008"]
[Source "ChessBase"]
[SourceDate "2007.11.25"]
[SourceVersion "1"]
[SourceVersionDate "2007.11.25"]
[SourceQuality "1"]
[WhiteTeam "Presov Tatran"]
[BlackTeam "Kosice Slavia UPJS II"]
[WhiteTeamCountry "SVK"]
[BlackTeamCountry "SVK"]

1. d4 Nf6 2. c4 g6 3. Nc3 Bg7 4. e4 d6 5. Nf3 0-0 6. Bd3 e5 7. d5 Nbd7 8. 0-0 Nc5 9. Bc2 a5 10. Bg5 h6 11. Bxf6 Qxf6 12. Ne1 Qe7 13. Nd3 Nxd3 14. Bxd3 f5 15. Rc1 b6 16. a3 f4 17. Be2 Qg5 18. Kh1 h5 19. Nb5 Rf7 20. Rc3 Bg4 21. Bf3 Raf8 22. b4 axb4 23. axb4 Bf6 24. c5 dxc5 25. bxc5 bxc5 26. Rxc5 Bd8 27. Qb3 Kh7 28. Rfc1 Qh4 29. Kg1 Bxf3 30. Qxf3 g5 31. Qh3 Qxh3 32. gxh3 f3 33. Nxc7 Rg8 34. Ne6 Be7 35. Rc8 Rg6 36. R1c7 g4 37. h4 Rg8 38. Ng5+ Rxg5 39. hxg5 Rg7 40. Re8 Bxg5 41. Rxg7+ Kxg7 42. Rxe5 Kg6 43. d6 Bf4 44. d7 1-0

[Event "Tatry op"]
[Site "Tatranske Zruby"]
[Date "2006.09.29"]
[Round "8"]
[White "Viszlai, Alexander"]
[Black "Malecek, Jiri"]
[Result "0-1"]
[WhiteElo "2029"]
[BlackElo "2155"]
[PlyCount "80"]
[EventDate "2006.09.23"]
[EventType "swiss"]
[EventRounds "9"]
[EventCountry "SVK"]
[SourceTitle "CBM 114 Extra"]
[Source "ChessBase"]
[SourceDate "2006.11.03"]
[SourceVersion "1"]
[SourceVersionDate "2006.11.03"]
[SourceQuality "1"]

1. e4 c5 2. c3 d6 3. d4 Nf6 4. Bd3 Nc6 5. Ne2 g6 6. h3 Bg7 7. Be3 cxd4 8. cxd4 0-0 9. Nbc3 a6 10. a4 b6 11. 0-0 Bb7 12. Rc1 Rc8 13. f4 Nb4 14. Bb1 a5 15. Qd2 Ba6 16. g4 Nd7 17. f5 Bc4 18. Rf2 f6 19. Bh6 e5 20. fxe6 Bxe6 21. Rcf1 Bc4 22. Bxg7 Kxg7 23. h4 Rf7 24. d5 Qe7 25. g5 Rcf8 26. Qd4 Ne5 27. Nf4 Bxf1 28. Ne6+ Kg8 29. Rxf1 fxg5 30. Nxf8 Rxf1+ 31. Kxf1 Qxf8+ 32. Ke2 gxh4 33. Qxb6 Qf3+ 34. Ke1 Qh1+ 35. Ke2 Qg2+ 36. Qf2 Qg4+ 37. Kf1 h3 38. Qe2 Qf4+ 39. Kg1 Nf3+ 40. Kh1 Qg3 0-1